banner-ar

مائة عام على الصهيونية شهادات على القرن / (Record no. 1000)

MARC details
000 -الفاتح
حقل البيانات ثابتة الطول 00762nam a2200205Ia 4500
008 - عناصر البيانات ثابتة الطول - معلومات عامة
حقل البيانات ثابتة الطول 140319s9999 xx 000 0 ara d
040 ## - مصدر الفهرسة
وكالة الفهرسة الأصلية GCL /
وكالة النسخ GCL
082 04 - رقم تصنيف ديوى العشرى
رقم التصنيف 320.5409569
رقم المادة ت م
100 1# - المدخل الرئيسى - إسم شخصى
الإسم الشخصى توفيق ابو بكر
245 10 - بيان العنوان
العنوان مائة عام على الصهيونية شهادات على القرن /
بيان المسئوليه,etc توفيق ابو بكر
250 ## - بيان الطبعة
بيان الطبعة الاولى
260 ## - PUBLICATION, DISTRIBUTION, ETC. (IMPRINT)
تاريخ النشر أو التوزيع 1997
300 ## - الوصف المادى
التعداد 192 ص ؛
أبعاد الوعاء 24 سم
650 04 - المدخل الاضافى بالموضوع-مصطلح موضوعى
مصطلح موضوعي اسرائيل
650 04 - المدخل الاضافى بالموضوع-مصطلح موضوعى
مصطلح موضوعي الصهيونية
650 04 - المدخل الاضافى بالموضوع-مصطلح موضوعى
مصطلح موضوعي الصهيونية واليهودية
650 04 - المدخل الاضافى بالموضوع-مصطلح موضوعى
مصطلح موضوعي فلسطين - تاريخ - العصر الحديث - الاحتلال الصهيونى
942 ## - عناصر المدخل الإضافي( كوها)
مصدر التصنيف او مخطط الترفيف Dewey Decimal Classification
Koha [default] item type كتاب
260 ## - PUBLICATION, DISTRIBUTION, ETC. (IMPRINT)
-- القاهرة :
-- مركز جنين للدراسات الاستراتيجية ،
Holdings
حالة التراجع حالة الفقد حالة تلف ليس للاعارة المكان المؤقت الموقع الحالى تاريخ الاكتساب اجمالي اﻻعارات رقم الطلب الباركود تاريخ اخر مشاهدة تاريخ تفعيل السعر نوع وعاء كوها
        مكتبة القاهرة الكبرى مكتبة القاهرة الكبرى 03/26/2014   320.5409569\ ت م 2457 03/26/2014 03/26/2014 كتاب
        مكتبة القاهرة الكبرى مكتبة القاهرة الكبرى 03/26/2014   320.5409569\ ت م 2458 03/26/2014 03/26/2014 كتاب

Powered By

EGPV